| 000 | 01149nam a2200301Ia 4500 | ||
|---|---|---|---|
| 005 | 20140903173606.0 | ||
| 008 | 130821s2002 sp a gr spa | ||
| 020 | _a8449313228 | ||
| 020 | _a9788449313226 | ||
| 040 |
_aCO-BoUCM _bspa _cAngélica Rojas (modificó) _dNuevo |
||
| 041 | 0 | 0 | _aspa |
| 245 | 1 | 0 |
_aGlobalizaciones múltiples la diversidad cultural en el mundo contemporáneo _cPeter L. Berger, Samuel P. Huntington, compiladores ; traducción de Albino Santos Mosquera |
| 260 |
_aBarcelona (España) _bPaidós _c2002 |
||
| 300 |
_a421 páginas _bgráficas |
||
| 490 | 0 |
_aPaidós Estado y Sociedad _v104 |
|
| 500 | _aIncluye índice analítico y de nombres | ||
| 650 | 7 |
_aCultura _9150 |
|
| 650 | 7 |
_aDesarrollo social _912991 |
|
| 650 | 7 |
_aGlobalización _9216 |
|
| 650 | 7 |
_aGlobalización _vAspectos sociales _9216 |
|
| 690 | _aSociología | ||
| 700 | 1 |
_aBerger, Peter L. _ecompilador _938186 |
|
| 700 | 1 |
_aHuntington, Samuel P. _ecompilador _938187 |
|
| 700 | 1 |
_aSantos Mosquera, Albino _etraductor _938188 |
|
| 765 | _tMany Globalizations | ||
| 942 |
_cLIBRO _a5 _e1 _mG562g _2DEWEY _h303.4 |
||
| 999 |
_c51050 _d51050 |
||